000 00763nam a2200253 4500
001 174677
003 ES-MaACL
005 20230906215622.0
008 100518s1993 sp |||| | spa d
017 _aTF 1177-1993
020 _a84-85896-36-X
100 1 _aPérez Díaz, Pablo.
_9142882
245 1 3 _aEl Sexenio en La Palma (1868-1874) /
_cPablo Pérez Díaz.
250 _a1ª ed.
260 _aSanta Cruz de Tenerife :
_bBenchomo,
_c1993.
300 _a165 p. ;
_c22 cm.
490 1 _aTasufra ;
_v9
504 _aBibliografía: p. 161-165.
651 4 _aCanarias-
_xHistoria-
_yS.XIX.
_9142883
651 4 _aSanta Cruz de Tenerife-
_xHistoria.
_99364
830 0 _aTasufra ;
_v9
_9189438
852 4 _aES-MaACL
_jC-57227
999 _c174677
_d174677